Pensamientos

保存先:
書誌詳細
第一著者: Pascal, Blaise (Pascal, Blas) (autor)
フォーマット: 図書
言語:スペイン語
出版事項: Madrid Alianza 1981
版:1a. ed
シリーズ:El Libro de Bolsillo. Sección: Clásicos, 800
主題:
タグ: タグ追加
タグなし, このレコードへの初めてのタグを付けませんか!

MARC

LEADER 00000cam a2200000 a 4500
001 UCZ2249
003 CL-VaPUC
008 950926e19810000SP |||||||||||||||||spa|d
020 |a 8420618004 
082 0 4 |a 194  |b PAS  |2 21 
100 |a Pascal, Blaise  |q (Pascal, Blas)  |e autor  |9 583633 
245 1 0 |a Pensamientos 
250 |a 1a. ed 
300 |a 333 p 
942 |c BK 
945 |d 19950926 00:00:00  |a lriquelm 
260 |a Madrid  |b Alianza  |c 1981 
650 0 |a Filosofía francesa   |9 255698 
650 0 |a Filosofía cristiana   |9 265980 
583 |a last modification  |c 20160624 03:39:22  |k Rodrigo Vera 
490 0 |a El Libro de Bolsillo. Sección: Clásicos, 800 
999 |c 238887  |d 238885 
952 |0 0  |1 0  |4 0  |6 194_000000000000000_PAS_1981  |7 0  |8 P  |9 249474  |a BIBEDU  |b BIBEDU  |c BIBEDU_PB  |d 2019-11-18  |i 1567985  |o 194 PAS 1981  |p 1567985  |r 2024-01-25  |w 2019-11-18  |y BK  |k FIL 
952 |0 0  |1 0  |3 erb  |4 0  |6 194_000000000000000_PAS_1981  |7 0  |8 A  |9 249475  |a FDOHBE  |b FDOHBE  |e Huesbe Llanos, Marco Antonio, 1934-  |i 5332184  |o 194 PAS 1981  |p 5332184  |r 2024-01-30  |w 2019-11-18  |y BK  |z Catalogado en:20160701  |k HBE